| 000 | 00357pam a2200145 a 4500 | ||
|---|---|---|---|
| 020 | _c | ||
| 041 | _h | ||
| 082 |
_a741.67 _bACA |
||
| 245 |
_aGraphics Design Agencies. Com _bGraphics Design Agencies. Com _hTextual Documents |
||
| 250 | _a1999. | ||
| 260 |
_a[s.l]: _bGraphic Inc |
||
| 300 |
_a217: _bHard. |
||
| 700 | _aB. Martin Pedersen. | ||
| 930 | _a585 | ||
| 999 |
_c234375 _d234375 |
||